| 000 | 00658nam a2200181Ia 4500 | ||
|---|---|---|---|
| 003 | GCL | ||
| 005 | 20240530104807.0 | ||
| 008 | 140319s9999 xx 000 0 ara d | ||
| 040 |
_aGCL / _cGCL |
||
| 082 | 0 | 4 |
_a910.09 _bج د |
| 100 | 1 | _aجودة حسنين جودة | |
| 245 | 1 | 0 |
_aدراسات فى الجغرافيا الطبيعية للصحارى العربية / _cجودة حسنين جودة |
| 260 |
_aالاسكندرية : _bدار المعرفة الجامعية ، _c1988 |
||
| 300 |
_a478 ص؛ _c24 سم |
||
| 650 | 0 | 4 | _aالجغرافيا الطبيعية |
| 650 | 0 | 4 |
_aالجغرافيا الطبيعية _xالصحراء |
| 942 |
_2ddc _cBK |
||
| 999 |
_c50714 _d50714 |
||